000 00409nam a2200145Ia 4500
008 231129s2002||||xx |||||||||||||| ||spa||
020 _a84-7978-202-1
040 _bspa
082 _a628.3 R775t
100 _aRonzano Eduardo
245 0 _aTratamiento biológico de las aguas residuales
260 _c2002
264 _aEdiciones Dí­az de Santos
942 _2ddc
_cBKS
999 _c25635
_d25635